समय से संवाद (Record no. 114872)
[ view plain ]
| 000 -LEADER | |
|---|---|
| fixed length control field | 01045nam a2200253Ia 4500 |
| 003 - CONTROL NUMBER IDENTIFIER | |
| control field | OSt |
| 005 - DATE AND TIME OF LATEST TRANSACTION | |
| control field | 20220918110812.0 |
| 008 - FIXED-LENGTH DATA ELEMENTS--GENERAL INFORMATION | |
| fixed length control field | 220915b |||||||| |||| 00| 0 hin d |
| 020 ## - INTERNATIONAL STANDARD BOOK NUMBER | |
| International Standard Book Number | 8185999775 (hbk) |
| 037 ## - SOURCE OF ACQUISITION | |
| Terms of availability | Reference Collections |
| 040 ## - CATALOGING SOURCE | |
| Original cataloging agency | ARTS |
| Transcribing agency | ARTS |
| Language of cataloging | hin |
| 041 ## - LANGUAGE CODE | |
| Source of code | hin |
| Language code of text/sound track or separate title | hin |
| 100 ## - MAIN ENTRY--PERSONAL NAME | |
| Personal name | पंवार, मेहरबान ‘मनु’ |
| 245 #0 - TITLE STATEMENT | |
| Title | समय से संवाद |
| Remainder of title | जानी मानी हस्तियों के साक्षात्कार |
| 246 ## - VARYING FORM OF TITLE | |
| Title proper/short title | Samaya se sanvāda: jānī mānī hastiyoan ke sākṣhātkāra |
| 260 ## - PUBLICATION, DISTRIBUTION, ETC. | |
| Place of publication, distribution, etc. | दिल्ली |
| Name of publisher, distributor, etc. | स्वराज प्रकाशन भारत |
| Date of publication, distribution, etc. | 2007 |
| 300 ## - PHYSICAL DESCRIPTION | |
| Extent | 120पृ0 |
| 942 ## - ADDED ENTRY ELEMENTS (KOHA) | |
| Classification part | w2, 152P7(RR) |
| Koha item type | Reference |
| Withdrawn status | Lost status | Damaged status | Not for loan | Home library | Current library | Date acquired | Source of acquisition | Cost, normal purchase price | Total Checkouts | Full call number | Barcode | Date last seen | Cost, replacement price | Price effective from | Koha item type |
|---|---|---|---|---|---|---|---|---|---|---|---|---|---|---|---|
| Arts Library | Arts Library | 2022-09-18 | 418, 28/02/2008, University Book House | 350.00 | w2 152P7(RR) | AL1345866 | 2022-09-18 | 350.00 | 2022-09-18 | Reference |
